000 01142nam a2200265Ia 4500
003 OSt
005 20221005105656.0
006 a|||||r|||| 00| 0
007 ta
008 221004b |||||||| |||| 00| 0 hin d
020 _a8181433696 (hbk)
_c425
024 _a96307
037 _b1330, 02/03/2009, Pioneer Books Distributors
_cTextual
040 _aCRL
_cCRL
_bhin
041 _2hin
_ahin
082 _aY:49(Q), 152P5
100 _aकिश्वर, मधु पूर्णिमा
245 0 _aराष्ट्रवाद की चाकरी में धर्म एंव अन्य लेख
246 _aRāṣhṭravād kī chākarī mean dharma eanva anya lekha
260 _aनई दिल्ली
_bवाणी प्रकाशन भारत
_c2005
300 _a370पृ0
_ccm.
700 _a दत्त, योगेन्द्र, अनु.
942 _hY:49(Q), 152P5
_cTEXL
_2cc
999 _c1016538
_d1016538